| 000 | 00410 a2200157 4500 | ||
|---|---|---|---|
| 999 |
_c12702 _d12702 |
||
| 003 | OSt | ||
| 005 | 20240711194900.0 | ||
| 008 | 240711b ||||| |||| 00| 0 eng d | ||
| 020 | _a9788412622249 | ||
| 082 | _a720.92 | ||
| 100 | _aAaron Betsky | ||
| 245 | _aUnfinished and Far Far Away, The Architecture of Irving Smith Architects | ||
| 260 |
_b Edicions Altrim S.L. _c2023 |
||
| 300 | _a158p; | ||
| 942 | _2ddc | ||